Statistics for FIFA 22 TOTW 25

Click here to take the quiz!

General Stats

  • This quiz has been taken 7 times
  • The average score is 16 of 23

Answer Stats

ClubPositionRatingAnswer% Correct
ArsenalRM87Bukayo Saka
100%
BrentfordST86Ivan Toney
100%
Man CityCM93Kevin De Bruyne
100%
Inter MilanST87Lautaro Martinez
100%
ChelseaRWB86Reece James
100%
AC MilanLB88Theo Hernandez
100%
HoffenheimLWB84David Raum
86%
Celta VigoST88Iago Aspas
86%
Eintracht FrankfurtCB83Martin Hinteregger
86%
LyonRM84Romain Faivre
86%
StuttgartCM82Wataru Endo
86%
ValenciaCM84Carlos Soler
71%
AlavesGK83Fernando Pacheco
71%
FC GoaST71Airam Cabrera
57%
MonacoLM82Gelson Martins
57%
EspanyolCB81Leandro Cabrera
57%
Columbus CrewCAM84Lucas Zelarayan
57%
Stade BrestGK84Marco Bizot
57%
PortoST84Evanilson
43%
HuddersfieldCB77Tom Lees
43%
New York Red BullsLM79Lewis Morgan
29%
CFR ClujST76Gabriel Debeljuh
14%
FC CartagenaCDM78Yann Bodiger
14%

Score Distribution

Percentile by Number Answered

Percent of People with Each Score

Your Score History

You have not taken this quiz